| Поле | Инд. | ПП | Название | Значение |
|---|---|---|---|---|
| Тип записи | a | |||
| Библиографический уровень | m | |||
| 001 | Контрольный номер | ebe7284a-a07f-4976-ac6b-6e71267f9324 | ||
| 005 | Дата корректировки | 20140703123039.7 | ||
| 008 | Кодируемые данные | 031125 | ||
| 020 | a | ISBN | 5-02-006436-X | |
| c | Цена, тираж | 119.00 | ||
| 040 | a | Служба первич. каталог. | НБ ТвГУ | |
| 041 | a | Код языка текста | rus | |
| 080 | a | Индекс УДК | 504.455.05(282.247.181.1) | |
| 084 | a | Индекс другой классификации/Индекс ББК | Е082.14 | |
| a | Индекс другой классификации/Индекс ББК | Е082.56(2Рос-4Мур) | ||
| 090 | x | Авторский знак | А72 | |
| a | Полочн. индекс | Е082.1 | ||
| 245 | 00 | a | Заглавие | Антропогенные модификации экосистемы озера Имандра |
| c | Ответственность | [Т. И. Моисеенко, В. А. Даувальтер, А. А. Лукин и др.; Отв. ред. Т. И. Моисеенко]; РАН, Кол. науч. центр, Ин-т пробл. пром. экологии Севера, Ин-т водных пробл. | ||
| 260 | 0_ | a | Место издания | Москва |
| b | Издательство | Наука | ||
| c | Дата издания | 2002 | ||
| 300 | a | Объем | 402,[1] с. | |
| b | Иллюстрации/ тип воспроизводства | ил., табл. | ||
| 504 | a | Библиография | Библиогр. в конце разд. | |
| 583 | a | Действие | Получение впервые 298 25.11.2003 | |
| k | Исполнитель действия | Дар РГГУ | ||
| 650 | a | Основная рубрика | Экосистемы озерные | |
| x | Основная подрубрика | Антропогенные факторы среды | ||
| 650 | a | Основная рубрика | Имандра, озеро | |
| 650 | a | Основная рубрика | Озера | |
| x | Основная подрубрика | Гидробиология | ||
| z | Географическая подрубрика | Мурманская область | ||
| 653 | a | Ключевые слова | Имандра, озеро | |
| a | Ключевые слова | Озера Мурманской области | ||
| a | Ключевые слова | Экологические системы | ||
| a | Ключевые слова | Экосистемы | ||
| a | Ключевые слова | Озерные экосистемы | ||
| a | Ключевые слова | Антропогенные факторы среды | ||
| 700 | 1_ | a | Другие авторы | Моисеенко Т. И. |
| e | Роль лиц | авт., ред. | ||
| 700 | 1_ | a | Другие авторы | Даувальтер В. А. |
| e | Роль лиц | авт. | ||
| 700 | 1_ | a | Другие авторы | Лукин А. А. |
| e | Роль лиц | авт. | ||
| 700 | 1_ | a | Другие авторы | Кудрявцева Л. П. |
| e | Роль лиц | авт. | ||
| 852 | t | Порядковый номер экземпляра | 2 | |
| p | Инвентарный номер | 772264 | ||
| p | Инвентарный номер | 772265 | ||
| 888 | a | Бесплатные | ||
| 952 | p | 298.2003 119.00 1 772264 | ||
| p | 298.2003 119.00 1 772265 | |||
| c | Вид литературы | К рн | ||
| 954 | a | Дата поступления на обработку | 20031125 | |
| 999 | a | Подразделение 2 | Фил3 |